000 00978nam a22002417a 4500
005 20110509161950.0
008 110509t xxu||||| |||| 00| 0 eng d
010 _aENG-102407
020 _a9789380388410
_c995.00
035 _aEN-85940
037 _bDBAD/PUB
040 _aDPL
_bEng
082 _a150.724
100 _aSinha, Narendra Pratap
_927875
245 _aHistory of psychology :
_cby Narendra Pratap Sinha
_ba sketch and an interpretation /
260 _aNew Delhi
_bDPS Publishing House
_c2011
270 _aRoom No. 213,7/28 Mahavir Street, Ansari Road, Daryaganj
_bNew Delhi
_e110002
_k011-23251264, 91-9811734184
_mprashant_pbd@yahoo.co.in
300 _avi,296p.
_c22cm (Hb)
500 _aIncludes bibliographical references and index
650 _927887
942 _2ddc
_cEN
_h150.724
_mSIN
999 _c52240
_d52240